Library Banner

Mokalmaat = مکالمات : سلطان الحقیقت شیخ الامت، قطب عالم حضرت فضل شاہ صاحب رحمۃ اللہ علیہ / (Record no. 133340)

MARC details
000 -LEADER
fixed length control field 00549nam a22001337a 4500
005 - DATE AND TIME OF LATEST TRANSACTION
control field 20240201113639.0
008 - FIXED-LENGTH DATA ELEMENTS--GENERAL INFORMATION
fixed length control field 240201b ||||| |||| 00| 0 eng d
040 ## - CATALOGING SOURCE
Transcribing agency PK-LaUMT
082 ## - DEWEY DECIMAL CLASSIFICATION NUMBER
Classification number APC 297.4092
Item number MOK-
245 ## - TITLE STATEMENT
Title Mokalmaat = مکالمات : سلطان الحقیقت شیخ الامت، قطب عالم حضرت فضل شاہ صاحب رحمۃ اللہ علیہ /
Statement of responsibility, etc complied by Allama Arshad, Nazr ul Islam and Abu Muslim Sahafi = مرتبہ علامہ ارشد
260 ## - PUBLICATION, DISTRIBUTION, ETC. (IMPRINT)
Place of publication, distribution, etc Lahore :
Name of publisher, distributor, etc Adbastan,
Date of publication, distribution, etc 1998
300 ## - PHYSICAL DESCRIPTION
Extent 152 p.
942 ## - ADDED ENTRY ELEMENTS (KOHA)
Koha item type Books
Holdings
Withdrawn status Lost status Damaged status Home library Current library Date acquired Full call number Barcode Date last seen Price effective from Koha item type
      UMT Main Campus UMT Main Campus 2024-02-01 APC 297.4092 MOK- 146882 2024-02-01 2024-02-01 Books